| 000 | 00737nam a2200241Ia 4500 | ||
|---|---|---|---|
| 005 | 20260429111954.0 | ||
| 008 | 260429s9999||||xx |||||||||||||| ||und|| | ||
| 020 | _a9783111334349 | ||
| 041 | _aEnglish | ||
| 082 |
_a515.35 _bBEN |
||
| 100 | _aBenchohra, Mouffak | ||
| 245 | 0 |
_aFractional differential equations : _ba coincidence degree approach / _cMouffak Benchohra |
|
| 260 |
_aGermany : _bDe Gruyter, _c2024. |
||
| 300 | _axi, 322 p.; hb | ||
| 440 | _aFractional calculus in applied sciences and engineering; 12 | ||
| 650 | _a Differential equations | ||
| 650 | _a Mathematical analysis | ||
| 650 | _aMathematics | ||
| 700 | _a Bouriah, Soufyane | ||
| 700 | _a Salim, Abdelkrim | ||
| 700 | _a Zhou, Yong | ||
| 942 | _cTB | ||
| 999 |
_c51692 _d51692 |
||